Astronomy communication (Record no. 15995)

MARC details
000 -LEADER
fixed length control field 00576nam a2200181Ia 4500
003 - CONTROL NUMBER IDENTIFIER
control field IN-BaIIA
008 - FIXED-LENGTH DATA ELEMENTS--GENERAL INFORMATION
fixed length control field 211028s9999 xx 000 0 eng d
020 ## - INTERNATIONAL STANDARD BOOK NUMBER
International Standard Book Number 1-4020-1345-0
040 ## - CATALOGING SOURCE
Transcribing agency IIA Library
080 ## - UNIVERSAL DECIMAL CLASSIFICATION NUMBER
Universal Decimal Classification number 52(082.1)
Item number ASS-290
245 #0 - TITLE STATEMENT
Title Astronomy communication
Statement of responsibility, etc. edited by A. Heck and Claus Madsen
260 ## - PUBLICATION, DISTRIBUTION, ETC.
Place of publication, distribution, etc. Dordrecht
Name of publisher, distributor, etc. Kluwer Academic
Date of publication, distribution, etc. 2003
300 ## - PHYSICAL DESCRIPTION
Extent ix, 226p.
490 ## - SERIES STATEMENT
Series statement Astrophysics and space science library; v. 290
650 ## - SUBJECT ADDED ENTRY--TOPICAL TERM
Topical term or geographic name entry element Astronomy
9 (RLIN) 80
700 ## - ADDED ENTRY--PERSONAL NAME
Personal name Madsen, Claus, ed.
9 (RLIN) 29577
942 ## - ADDED ENTRY ELEMENTS (KOHA)
Koha item type Books
Holdings
Withdrawn status Lost status Damaged status Not for loan Home library Current library Shelving location Date acquired Source of acquisition Cost, normal purchase price Total Checkouts Full call number Barcode Date last seen Cost, replacement price Price effective from Koha item type Purchase Price
        IIA Library-Bangalore IIA Library-Bangalore General Stacks 19/11/2005 PBPL 6798.53   52(082.1)/ ASS-290 16917 05/11/2021 6798.53 19/11/2005 Books Rs. 6798.53

Powered by Koha